[Event "Torino Sada op"]
[Site "Torino"]
[Date "2014.10.13"]
[Round "5"]
[White "Menzio, Sandro"]
[Black "Mazzetta, Renato"]
[Result "1/2-1/2"]
[WhiteElo "1667"]
[BlackElo "1916"]
[PlyCount "148"]
[EventDate "2014.09.15"]
[EventType "swiss"]
[EventRounds "7"]
[EventCountry "ITA"]
[SourceTitle "EXT 2018"]
[Source "ChessBase"]
[SourceDate "2017.10.13"]
[SourceVersion "1"]
[SourceVersionDate "2017.10.13"]
[SourceQuality "1"]

1. e4 d5 2. e5 c5 3. Nf3 Bf5 4. d4 e6 5. Nc3 Nc6 6. Be3 c4 7. a3 h5 8. Be2 Be7 9. h3 Nh6 10. Qd2 a6 11. Ng5 Bg6 12. Nf3 Qa5 13. 0-0 Nf5 14. Bf4 b5 15. g4 hxg4 16. hxg4 Nh4 17. Ng5 Qb6 18. Rad1 Kd7 19. Bg3 Qd8 20. f4 Bxg5 21. fxg5 Qg8 22. Rf2 Rh7 23. Rh2 Qh8 24. Qe1 Bxc2 25. Rd2 Bd3 26. Bxh4 Nxd4 27. Bd1 Qb8 28. Bg3 Rxh2 29. Bxh2 Qa7 30. Qf2 Ke7 31. Kg2 Nc6 32. Qf4 Qb7 33. Bf3 b4 34. axb4 Nxb4 35. Bg1 Rc8 36. Na4 Qb5 37. Nc3 Qa5 38. Rf2 Bg6 39. Qd4 Nd3 40. Rf1 Nxb2 41. Bxd5 exd5 42. Nxd5+ Kf8 43. Nb6 Re8 44. Qxb2 Be4+ 45. Kg3 c3 46. Qb3 Qxe5+ 47. Rf4 Qe6 48. Qxc3 Bg6 49. Bd4 Qe1+ 50. Qxe1 Rxe1 51. Nd7+ Ke7 52. Nc5 a5 53. Bxg7 Re3+ 54. Kf2 Ra3 55. Bf6+ Kd6 56. Ne4+ Kd5 57. Nc3+ Ke6 58. Ra4 Rxa4 59. Nxa4 Kd5 60. Ke3 Kc4 61. Nb6+ Kb3 62. Nd7 Bh7 63. Nf8 Bb1 64. Kd2 a4 65. Nd7 Kb4 66. Ne5 Ba2 67. g6 fxg6 68. Nxg6 Kc5 69. Nf4 Kd6 70. g5 Bf7 71. Kc3 a3 72. Kb4 a2 73. Nd3 Ke6 74. Nc1 Kf5 1/2-1/2

[Event "Torino Sada op"]
[Site "Torino"]
[Date "2013.10.07"]
[Round "4"]
[White "Menzio, Sandro"]
[Black "Mazzetta, Renato"]
[Result "1/2-1/2"]
[WhiteElo "1667"]
[BlackElo "1932"]
[PlyCount "63"]
[EventDate "2013.09.16"]
[EventType "swiss"]
[EventRounds "7"]
[EventCountry "ITA"]
[SourceTitle "EXT 2018"]
[Source "ChessBase"]
[SourceDate "2017.10.13"]
[SourceVersion "1"]
[SourceVersionDate "2017.10.13"]
[SourceQuality "1"]

1. e4 d5 2. e5 Bf5 3. d4 e6 4. c3 c5 5. Bb5+ Nc6 6. Nf3 a6 7. Bxc6+ bxc6 8. 0-0 c4 9. Be3 g6 10. h3 h5 11. Nbd2 Ne7 12. Bg5 Bg7 13. Nh4 Bd3 14. Re1 Qc7 15. g4 hxg4 16. hxg4 c5 17. Qf3 0-0-0 18. Qxf7 Bh6 19. Qxe6+ Kb7 20. Qxe7 Rd7 21. Qxc5 Qxc5 22. dxc5 Bxg5 23. Nhf3 Bf4 24. c6+ Kxc6 25. e6 Rdh7 26. Nd4+ Kd6 27. N2f3 Be4 28. Kf1 Bd3+ 29. Kg2 Be4 30. Kf1 Bd3+ 31. Kg2 Be4 32. Kf1 1/2-1/2